Online
Catalog

Teatro de la legislación universal de España e Indias, por orden cronológico de sus cuerpos, y decisiones no recopiladas, y alfabético de sus títulos y principales materias / (Record no. 33631)

MARC details
000 -CABECERA
campo de control de longitud fija 00816nam a2200205 a 4500
001 - NÚMERO DE CONTROL
campo de control 000034140
005 - FECHA Y HORA DE LA ÚLTIMA TRANSACCIÓN
campo de control 20200930070816.0
008 - DATOS DE LONGITUD FIJA--INFORMACIÓN GENERAL
campo de control de longitud fija 110926s1798 sp 000 0 spa d
040 ## - FUENTE DE LA CATALOGACIÓN
Centro catalogador/agencia de origen DO-SdBNP
Lengua de catalogación spa
Centro/agencia transcriptor BNPHU
082 ## - NÚMERO DE LA CLASIFICACIÓN DECIMAL DEWEY
Número de clasificación 349.46
Número de documento/Ítem E77t
110 2# - ENTRADA PRINCIPAL--NOMBRE DE ENTIDAD CORPORATIVA
Nombre de entidad corporativa o nombre de jurisdicción como elemento de entrada España.
9 (RLIN) 4524
240 10 - TÍTULO UNIFORME
Título uniforme [Leyes, etc.]
245 10 - MENCIÓN DE TÍTULO
Título Teatro de la legislación universal de España e Indias, por orden cronológico de sus cuerpos, y decisiones no recopiladas, y alfabético de sus títulos y principales materias /
Mención de responsabilidad, etc. Antonio Xavier Pérez y López.
260 ## - PUBLICACIÓN, DISTRIBUCIÓN, ETC.
Lugar de publicación, distribución, etc. Madrid :
Nombre del editor, distribuidor, etc. Imprenta de Don Antonio Espinosa,
Fecha de publicación, distribución, etc. 1798.
300 ## - DESCRIPCIÓN FÍSICA
Extensión v. ;
Dimensiones 23 cm.
500 ## - NOTA GENERAL
Nota general La biblioteca posee el v. 26
651 #4 - PUNTO DE ACCESO ADICIONAL DE MATERIA--NOMBRE GEOGRÁFICO
Nombre geográfico España
Subdivisión general Legislación
9 (RLIN) 59557
700 12 - PUNTO DE ACCESO ADICIONAL--NOMBRE DE PERSONA
Nombre de persona Perez y López, Antonio Xavier,
Fechas asociadas al nombre 1736-1792
9 (RLIN) 59558
910 ## - DATOS DE OPCIÓN DEL USUARIO (OCLC)
Datos de opción del usuario Validado. Control de calidad MFF
Holdings
Estado de retiro Estado de pérdida Restricciones de uso No para préstamo Código de colección Localización permanente Ubicación/localización actual Ubicación en estantería Fecha de adquisición Número de inventario Total de préstamos Signatura topográfica completa Código de barras Fecha visto por última vez Precio válido a partir de Tipo de ítem Koha
      Excluido de préstamo Raros y valiosos General General Depósito 26.09.2011 LF1   349.46 E77t 34140-10 25.06.2020 25.06.2020 No se presta

Powered by Koha